Personnel Economics
Salvato in:
| Autore principale: | |
|---|---|
| Natura: | Libro |
| Lingua: | inglese |
| Pubblicazione: |
Cambridge
The MIT Press
1995
|
| Edizione: | 1. ed. |
| Serie: | <The> Wicksell Lectures
|
| Soggetti: | |
| Tags: |
Nessun Tag, puoi essere il primo ad aggiungerne!!
|
MARC
| LEADER | 00000nam a2200000 4500 | ||
|---|---|---|---|
| 001 | c014784 | ||
| 005 | 20221205133357.3 | ||
| 020 | |a 0-262-12188-3 | ||
| 041 | 0 | |a eng | |
| 044 | |a US | ||
| 245 | 1 | 0 | |a Personnel Economics |c Edward P. Lazear |
| 250 | |a 1. ed. | ||
| 264 | 1 | |a Cambridge |b The MIT Press |c 1995 | |
| 300 | |a 170 s. | ||
| 490 | 1 | |a <The> Wicksell Lectures | |
| 830 | 0 | |a <The> Wicksell Lectures | |
| 610 | 2 | 0 | |a manažment personálny |
| 610 | 2 | 0 | |a ekonómia |
| 610 | 2 | 0 | |a odmeňovanie |
| 610 | 2 | 0 | |a mzdy |
| 100 | 1 | |a Lazear, Edward P. | |